[Event "Oberliga Nord N 1819"]
[Site "Germany"]
[Date "2019.01.20"]
[Round "5.4"]
[White "Light, Bjarne"]
[Black "Hermesmann, Hans"]
[Result "0-1"]
[WhiteElo "2182"]
[BlackElo "2242"]
[PlyCount "100"]
[EventDate "2018.10.21"]
[EventType "team-tourn"]
[EventRounds "9"]
[EventCountry "GER"]
[SourceTitle "EXT 2020"]
[Source "ChessBase"]
[SourceDate "2019.10.17"]
[SourceVersion "1"]
[SourceVersionDate "2019.10.17"]
[SourceQuality "1"]
[WhiteTeam "Preetz"]
[BlackTeam "Hamburg Schachfreunde"]
[WhiteTeamCountry "GER"]
[BlackTeamCountry "GER"]

1. c4 e5 2. g3 Nf6 3. Bg2 h6 4. Nc3 Bb4 5. e4 d6 6. Nge2 Bc5 7. h3 Nc6 8. 0-0 0-0 9. Kh2 a6 10. f4 Rb8 11. a3 b5 12. b4 Ba7 13. d3 Nd4 14. Nd5 Nh7 15. fxe5 dxe5 16. c5 Nxe2 17. Qxe2 c6 18. Ne3 Rb7 19. Nf5 Bb8 20. Qg4 Bxf5 21. Rxf5 Kh8 22. Bf1 Re7 23. Ra2 Qd7 24. Qh4 Bc7 25. g4 Ree8 26. Qg3 Bd8 27. h4 g6 28. Rf3 g5 29. Qg1 gxh4 30. Bxh6 Qe6 31. Bxf8 Qxa2+ 32. Rf2 Qe6 33. Bd6 Bg5 34. Rf3 Bf4+ 35. Rxf4 exf4 36. Bxf4 Nf8 37. Bh3 Ng6 38. Qd4+ Kh7 39. Bd6 Qa2+ 40. Kg1 Qxa3 41. Qe3 a5 42. g5 Qa1+ 43. Kf2 axb4 44. Qf3 Kg8 45. Bf5 Ra8 46. Kg2 Ne5 47. Bxe5 Ra2+ 48. Kh3 Qxe5 49. Kg4 Ra1 50. Kxh4 Rg1 0-1

[Event "Oberliga Nord N 1718"]
[Site "Germany"]
[Date "2018.02.04"]
[Round "6.3"]
[White "Schulenburg, Torben"]
[Black "Hermesmann, Hans"]
[Result "0-1"]
[WhiteElo "2176"]
[BlackElo "2242"]
[PlyCount "83"]
[EventDate "2017.10.08"]
[EventType "team-tourn"]
[EventRounds "9"]
[EventCountry "GER"]
[SourceTitle "EXT 2019"]
[Source "ChessBase"]
[SourceDate "2018.10.10"]
[SourceVersion "1"]
[SourceVersionDate "2018.10.10"]
[SourceQuality "1"]
[WhiteTeam "Hamburg Diogenes"]
[BlackTeam "Hamburg SF"]
[WhiteTeamCountry "GER"]
[BlackTeamCountry "GER"]

1. d4 e6 2. Nf3 c5 3. g3 cxd4 4. Nxd4 Nc6 5. Bg2 Bc5 6. Nb3 Be7 7. c4 d6 8. 0-0 Nf6 9. Nd4 Qc7 10. Nc3 a6 11. b3 Bd7 12. a4 0-0 13. Bb2 Rac8 14. e4 Rfd8 15. Rc1 Qb6 16. Nxc6 bxc6 17. c5 dxc5 18. Nb1 Be8 19. Nd2 Rb8 20. Qe2 Rd7 21. Rc3 Qd8 22. Nc4 Rd4 23. Re3 Nd7 24. e5 Nb6 25. Nxb6 Rd2 26. Qc4 Qxb6 27. Ba3 Ra2 28. Qc1 Rd8 29. Be4 Rad2 30. Qc3 R2d4 31. Kg2 Qa7 32. Rc1 c4 33. bxc4 Bxa3 34. Qxa3 c5 35. Bf3 Qc7 36. a5 Bc6 37. Bxc6 Qxc6+ 38. Kg1 Rd1+ 39. Re1 R1d3 40. Rc3 Rd1 41. Rc1 R1d2 42. Qb3 0-1

[Event "Oberliga Nord N 1718"]
[Site "Germany"]
[Date "2017.11.12"]
[Round "3.3"]
[White "Hermesmann, Hans"]
[Black "Zimmermann, Julian"]
[Result "0-1"]
[WhiteElo "2242"]
[BlackElo "2330"]
[PlyCount "82"]
[EventDate "2017.10.08"]
[EventType "team-tourn"]
[EventRounds "9"]
[EventCountry "GER"]
[SourceTitle "EXT 2019"]
[Source "ChessBase"]
[SourceDate "2018.10.10"]
[SourceVersion "1"]
[SourceVersionDate "2018.10.10"]
[SourceQuality "1"]
[WhiteTeam "Hamburg SF"]
[BlackTeam "Hamburg Koenigsspringer"]
[WhiteTeamCountry "GER"]
[BlackTeamCountry "GER"]

1. d4 Nf6 2. Bg5 e6 3. e3 c5 4. Nf3 Be7 5. Nbd2 b6 6. Bd3 Bb7 7. Qe2 cxd4 8. exd4 Nd5 9. Be3 Nb4 10. c3 Nxd3+ 11. Qxd3 0-0 12. h4 Ba6 13. Qc2 Nc6 14. g4 Rc8 15. a3 f5 16. gxf5 Rxf5 17. Bg5 Qf8 18. Rh3 Bd6 19. Be3 Ne7 20. Qe4 Nd5 21. Ne5 Rc7 22. Ndf3 Bb7 23. Qd3 Bxe5 24. Nxe5 d6 25. Ng4 Nf4 26. Bxf4 Rxf4 27. Rg3 Bf3 28. Ne3 Rxh4 29. Kd2 Be4 30. Qe2 Rf7 31. Rf1 Rhf4 32. Nd1 Qe7 33. Re3 Bf3 34. Qe1 Bd5 35. Kc1 Qc7 36. Rg3 Be4 37. Ne3 Qc6 38. Qe2 Bg6 39. d5 exd5 40. Nc2 d4 41. Nb4 Qe4 0-1

[Event "Oberliga Nord N 1617"]
[Site "Germany"]
[Date "2017.03.19"]
[Round "7.4"]
[White "Schmidt, Harald"]
[Black "Hermesmann, Hans"]
[Result "1-0"]
[WhiteElo "2354"]
[BlackElo "2278"]
[PlyCount "89"]
[EventDate "2016.10.16"]
[EventType "team-tourn"]
[EventRounds "9"]
[EventCountry "GER"]
[SourceTitle "EXT 2018"]
[Source "ChessBase"]
[SourceDate "2017.10.13"]
[SourceVersion "1"]
[SourceVersionDate "2017.10.13"]
[SourceQuality "1"]
[WhiteTeam "Luebeck"]
[BlackTeam "Hamburg Schachfreunde"]
[WhiteTeamCountry "GER"]
[BlackTeamCountry "GER"]

1. c4 Nf6 2. Nc3 g6 3. e4 d6 4. f4 e5 5. Nf3 Nc6 6. d3 Bg7 7. Be2 Bg4 8. 0-0 Bxf3 9. Bxf3 Nd4 10. Be3 c6 11. Rb1 a5 12. Ne2 Nxf3+ 13. gxf3 exf4 14. Nxf4 0-0 15. Ne2 Nd7 16. Ng3 d5 17. f4 dxc4 18. dxc4 Qe7 19. Qc2 Nc5 20. Rbe1 Rad8 21. b3 Rd3 22. e5 Rfd8 23. Qf2 b6 24. Kh1 Bh6 25. Qg2 Qc7 26. Qh3 Bg7 27. Rg1 Re8 28. Qf1 Qd7 29. Qf2 Qe7 30. Qg2 Qd7 31. Nh5 f5 32. Ng3 Kh8 33. h4 Qe7 34. Qh3 Qf7 35. h5 Kg8 36. Nxf5 Re6 37. Nd4 Re8 38. hxg6 hxg6 39. Rg3 Ne4 40. Rg2 c5 41. Nf3 Rxe3 42. Rxe3 Qxf4 43. Qd7 Rxe5 44. Nxe5 Bxe5 45. Qe8+ 1-0

[Event "Oberliga Nord N 1617"]
[Site "Germany"]
[Date "2016.10.16"]
[Round "1.4"]
[White "Hermesmann, Hans"]
[Black "Reichmann, Hendrik"]
[Result "1-0"]
[WhiteElo "2278"]
[BlackElo "2354"]
[PlyCount "53"]
[EventDate "2016.10.16"]
[EventType "team-tourn"]
[EventRounds "9"]
[EventCountry "GER"]
[SourceTitle "EXT 2018"]
[Source "ChessBase"]
[SourceDate "2017.10.13"]
[SourceVersion "1"]
[SourceVersionDate "2017.10.13"]
[SourceQuality "1"]
[WhiteTeam "Hamburg Schachfreunde"]
[BlackTeam "Schwerin"]
[WhiteTeamCountry "GER"]
[BlackTeamCountry "GER"]

1. d4 c5 2. d5 d6 3. e4 g6 4. Nc3 Bg7 5. f4 Nf6 6. Bb5+ Nfd7 7. a4 0-0 8. Nf3 Na6 9. 0-0 Nc7 10. Bd3 b6 11. Qe1 e6 12. dxe6 fxe6 13. f5 Ne5 14. fxg6 hxg6 15. Qg3 Qe8 16. Bg5 Nxf3+ 17. gxf3 Be5 18. f4 Bd4+ 19. Kg2 Kg7 20. h4 Rh8 21. e5 Bb7+ 22. Kh2 Rh5 23. Rg1 dxe5 24. fxe5 Kh7 25. Bf4 Rf5 26. Bxf5 exf5 27. Qg5 1-0

[Event "Hamburg-chT Landesliga 1516"]
[Site "Hamburg"]
[Date "2016.04.23"]
[Round "8.4"]
[White "Wolter, Michael"]
[Black "Hermesmann, Hans"]
[Result "0-1"]
[WhiteElo "2115"]
[BlackElo "2296"]
[PlyCount "78"]
[EventDate "2015.09.20"]
[EventType "team-tourn"]
[EventRounds "9"]
[EventCountry "GER"]
[SourceTitle "EXT 2022"]
[Source "ChessBase"]
[SourceDate "2021.10.06"]
[SourceVersion "1"]
[SourceVersionDate "2021.10.06"]
[SourceQuality "1"]
[WhiteTeam "Hamburg Koenigsspringer II"]
[BlackTeam "Hamburg Schachfreunde"]
[WhiteTeamCountry "GER"]
[BlackTeamCountry "GER"]

1. d4 Nf6 2. Nf3 c5 3. e3 d5 4. Be2 Nc6 5. 0-0 Bg4 6. h3 Bxf3 7. Bxf3 e6 8. c3 Qc7 9. a3 e5 10. dxe5 Qxe5 11. c4 0-0-0 12. cxd5 Nxd5 13. Bxd5 Rxd5 14. Qa4 f5 15. Nd2 Be7 16. Nc4 Qe4 17. f3 Qh4 18. e4 fxe4 19. fxe4 Rd4 20. Bf4 g5 21. Be5 Nxe5 22. Qxa7 Nxc4 23. Qa8+ Kc7 24. Qxh8 Rd2 25. Qc3 Qxe4 26. Qg3+ Kb6 27. Rae1 Qd4+ 28. Kh1 Rd3 29. Qb8 Ne3 30. Rf3 g4 31. hxg4 Nxg4 32. Re6+ Bd6 33. Qd8+ Kb5 34. Qe8+ Kc4 35. b3+ Kc3 36. Re1 Rxf3 37. gxf3 Nf2+ 38. Kg2 Nd3 39. Rf1 Qg7+ 0-1

[Event "Oberliga Nord N 1415"]
[Site "Germany"]
[Date "2015.03.15"]
[Round "8.4"]
[White "Schumacher, Norbert"]
[Black "Hermesmann, Hans"]
[Result "1/2-1/2"]
[WhiteElo "2210"]
[BlackElo "2299"]
[PlyCount "114"]
[EventDate "2014.09.21"]
[EventType "team-tourn"]
[EventRounds "9"]
[EventCountry "GER"]
[SourceTitle "EXT 2016"]
[Source "ChessBase"]
[SourceDate "2015.10.08"]
[SourceVersion "1"]
[SourceVersionDate "2015.10.08"]
[SourceQuality "1"]
[WhiteTeam "Hamburger SK III"]
[BlackTeam "Hamburg SF"]
[WhiteTeamCountry "GER"]
[BlackTeamCountry "GER"]

1. d4 Nf6 2. c4 e6 3. Nf3 Bb4+ 4. Bd2 a5 5. e3 b6 6. a3 Bxd2+ 7. Nbxd2 d6 8. Qc2 Qe7 9. Be2 c5 10. 0-0 0-0 11. Rad1 Bb7 12. dxc5 bxc5 13. Nb1 Na6 14. Nc3 Nc7 15. Rd2 Ra6 16. Rc1 Ba8 17. Ne1 Rb8 18. Bf3 Bxf3 19. Nxf3 g6 20. Rcd1 Nfe8 21. h4 h6 22. Na4 Qf6 23. Rd3 e5 24. R3d2 Ng7 25. Qe4 Qe7 26. Nxc5 f5 27. Qc2 Rc6 28. Nb3 a4 29. Na5 Rcb6 30. Qxa4 e4 31. Nd4 Rxb2 32. Rxb2 Rxb2 33. g3 f4 34. Nac6 Qd7 35. exf4 e3 36. Nc2 exf2+ 37. Kg2 Rxc2 38. Qxc2 Qxc6+ 39. Kxf2 Nf5 40. Qd3 Qc5+ 41. Kf3 h5 42. Rb1 Ne6 43. Re1 Ned4+ 44. Kg2 Qc6+ 45. Kf2 Qb6 46. Rb1 Qc6 47. Re1 Kf7 48. Rb1 Kg7 49. Re1 Kh6 50. Qc3 Kh7 51. Qd3 Kg7 52. Qc3 Kf7 53. Qd3 Qc5 54. Kg2 Qc6+ 55. Kf2 Qc5 56. Rb1 Qa7 57. Kg2 Qa8+ 1/2-1/2

[Event "Oberliga Nord N 1314"]
[Site "Germany"]
[Date "2014.02.23"]
[Round "7.1"]
[White "Hermesmann, Hans"]
[Black "Pedersen, Steffen"]
[Result "0-1"]
[WhiteElo "2328"]
[BlackElo "2425"]
[PlyCount "74"]
[EventDate "2013.10.13"]
[EventType "team-tourn"]
[EventRounds "9"]
[EventCountry "GER"]
[SourceTitle "EXT 2015"]
[Source "ChessBase"]
[SourceDate "2014.11.20"]
[SourceVersion "1"]
[SourceVersionDate "2014.11.20"]
[SourceQuality "1"]
[WhiteTeam "Pinneberg"]
[BlackTeam "Preetz"]
[WhiteTeamCountry "GER"]
[BlackTeamCountry "GER"]

1. d4 d5 2. c4 e6 3. Nc3 Be7 4. Nf3 Nf6 5. e3 0-0 6. b3 b6 7. Bd3 Bb7 8. 0-0 Ne4 9. Bb2 Nd7 10. Rc1 f5 11. cxd5 exd5 12. Ne5 Nxe5 13. dxe5 c5 14. Ne2 Qe8 15. Qc2 Bg5 16. Rce1 Bh6 17. Nc1 g6 18. f3 Ng5 19. Ne2 Ne6 20. f4 Qc6 21. Rf2 b5 22. Ng3 Ng7 23. Be2 Ne6 24. Bf3 Rad8 25. Ne2 Qb6 26. g3 Rf7 27. Qd2 b4 28. Nc1 a5 29. a3 Bf8 30. axb4 axb4 31. Ne2 d4 32. Bxb7 Rxb7 33. Kg2 Qc6+ 34. Kh3 g5 35. g4 dxe3 36. Qxe3 Rbd7 37. Rf3 h5 0-1

[Event "BL2-Nord 1213"]
[Site "Germany"]
[Date "2013.03.17"]
[Round "8.3"]
[White "Cladouras, Panagiotis"]
[Black "Hermesmann, Hans"]
[Result "1-0"]
[WhiteElo "2358"]
[BlackElo "2312"]
[PlyCount "53"]
[EventDate "2012.10.14"]
[EventType "team-tourn"]
[EventRounds "9"]
[EventCountry "GER"]
[SourceTitle "CBM 154 Extra"]
[Source "ChessBase"]
[SourceDate "2013.06.25"]
[SourceVersion "2"]
[SourceVersionDate "2013.06.25"]
[SourceQuality "1"]
[WhiteTeam "Berlin Zehlendorf"]
[BlackTeam "Pinneberg"]
[WhiteTeamCountry "GER"]
[BlackTeamCountry "GER"]

1. e4 e6 2. d4 b6 3. Bd3 Bb7 4. Nf3 c5 5. c3 Nf6 6. Qe2 Be7 7. 0-0 Nc6 8. Nbd2 cxd4 9. cxd4 Nb4 10. Bb5 a6 11. Ba4 b5 12. Bb3 d5 13. e5 Ne4 14. a3 Nc6 15. Bc2 Nxd2 16. Bxd2 Qb6 17. Qd3 b4 18. a4 a5 19. Rfc1 Ba6 20. Qe3 h6 21. Bd1 g5 22. h3 Kd7 23. Rc2 f6 24. exf6 Bxf6 25. Rac1 Rac8 26. Rc5 Be7 27. Rxc6 1-0

[Event "BL2-Nord 1213"]
[Site "Germany"]
[Date "2012.11.11"]
[Round "2.3"]
[White "Hermesmann, Hans"]
[Black "Sehner, Norbert"]
[Result "1-0"]
[WhiteElo "2312"]
[BlackElo "2364"]
[PlyCount "69"]
[EventDate "2012.10.14"]
[EventType "team-tourn"]
[EventRounds "9"]
[EventCountry "GER"]
[SourceTitle "CBM 154 Extra"]
[Source "ChessBase"]
[SourceDate "2013.06.25"]
[SourceVersion "2"]
[SourceVersionDate "2013.06.25"]
[SourceQuality "1"]
[WhiteTeam "Pinneberg"]
[BlackTeam "Hamburger SK II"]
[WhiteTeamCountry "GER"]
[BlackTeamCountry "GER"]

1. d4 d5 2. c4 e6 3. Nc3 c6 4. e3 f5 5. Bd3 Bd6 6. Qc2 g6 7. Nf3 Nf6 8. b3 Nbd7 9. Bb2 Qe7 10. h3 Ne4 11. g4 Nxc3 12. Bxc3 Rf8 13. gxf5 dxc4 14. bxc4 exf5 15. 0-0-0 Nf6 16. Kb1 Ne4 17. Bb2 Bd7 18. Ne5 Bxe5 19. dxe5 c5 20. f3 Ng5 21. f4 Ne6 22. Be2 Bc6 23. Rd5 Rc8 24. a4 Kf7 25. h4 Nc7 26. Bf3 Rfd8 27. h5 Ke6 28. e4 Qf7 29. hxg6 hxg6 30. Rh6 fxe4 31. Bg4+ Ke7 32. Qh2 Bxd5 33. Qh4+ Ke8 34. Rh8+ Qf8 35. cxd5 1-0

[Event "Oberliga Nord N 0910"]
[Site "Germany"]
[Date "2010.01.24"]
[Round "5.1"]
[White "Hermesmann, Hans"]
[Black "Pedersen, Steffen"]
[Result "0-1"]
[WhiteElo "2342"]
[BlackElo "2428"]
[PlyCount "52"]
[EventDate "2009.10.18"]
[EventType "team-tourn"]
[EventRounds "9"]
[EventCountry "GER"]
[SourceTitle "EXT 2011"]
[Source "ChessBase"]
[SourceDate "2010.11.26"]
[SourceVersion "1"]
[SourceVersionDate "2010.11.26"]
[SourceQuality "1"]
[WhiteTeam "Pinneberg"]
[BlackTeam "Preetz"]
[WhiteTeamCountry "GER"]
[BlackTeamCountry "GER"]

1. d4 d5 2. c4 c6 3. Nc3 dxc4 4. e3 b5 5. a4 b4 6. Ne4 Qd5 7. Ng3 Nf6 8. Nf3 Ba6 9. Bd2 c3 10. bxc3 bxc3 11. Bxc3 Bxf1 12. Nxf1 Ne4 13. Bb2 Nd7 14. N1d2 Rb8 15. Nxe4 Rxb2 16. Ned2 e5 17. e4 Qe6 18. 0-0 Rb8 19. dxe5 Nxe5 20. Nxe5 Qxe5 21. Rc1 Be7 22. Rxc6 0-0 23. Rc4 Rfd8 24. Nf3 Rxd1 25. Nxe5 Rbb1 26. Rc8+ Bf8 0-1

[Event "Oberliga Nord N 0910"]
[Site "Germany"]
[Date "2009.12.13"]
[Round "4.1"]
[White "Szelag, Marcin"]
[Black "Hermesmann, Hans"]
[Result "1-0"]
[WhiteElo "2471"]
[BlackElo "2342"]
[PlyCount "77"]
[EventDate "2009.10.18"]
[EventType "team-tourn"]
[EventRounds "9"]
[EventCountry "GER"]
[SourceTitle "EXT 2011"]
[Source "ChessBase"]
[SourceDate "2010.11.26"]
[SourceVersion "1"]
[SourceVersionDate "2010.11.26"]
[SourceQuality "1"]
[WhiteTeam "Rostock"]
[BlackTeam "Pinneberg"]
[WhiteTeamCountry "GER"]
[BlackTeamCountry "GER"]

1. e4 c5 2. Nf3 d6 3. d4 cxd4 4. Nxd4 Nf6 5. Nc3 a6 6. Be3 e5 7. Nb3 Be6 8. f3 Nbd7 9. g4 Nb6 10. g5 Nfd7 11. Qd2 Be7 12. 0-0-0 Rc8 13. Kb1 Nc4 14. Bxc4 Rxc4 15. h4 0-0 16. h5 f5 17. Nd5 f4 18. Nxe7+ Qxe7 19. Bf2 d5 20. Na5 Rcc8 21. exd5 Bf5 22. Rc1 Qxg5 23. h6 Bg6 24. hxg7 Rf7 25. Rhg1 Qf6 26. Nxb7 Nb6 27. Na5 Rfc7 28. Nc6 Nc4 29. Qc3 Rxc6 30. dxc6 Qxc6 31. Ka1 Qb7 32. Qb3 Qc7 33. Rcd1 Bf7 34. Qc3 Qb8 35. Rd7 Be6 36. Ba7 Qa8 37. Re7 Bd5 38. Qd3 Bxf3 39. Qxh7+ 1-0

[Event "Oberliga Nord N 0910"]
[Site "Germany"]
[Date "2009.11.29"]
[Round "3.1"]
[White "Hermesmann, Hans"]
[Black "Salov, Sergej"]
[Result "0-1"]
[WhiteElo "2342"]
[BlackElo "2074"]
[PlyCount "100"]
[EventDate "2009.10.18"]
[EventType "team-tourn"]
[EventRounds "9"]
[EventCountry "GER"]
[SourceTitle "EXT 2011"]
[Source "ChessBase"]
[SourceDate "2010.11.26"]
[SourceVersion "1"]
[SourceVersionDate "2010.11.26"]
[SourceQuality "1"]
[WhiteTeam "Pinneberg"]
[BlackTeam "Luebeck"]
[WhiteTeamCountry "GER"]
[BlackTeamCountry "GER"]

1. d4 Nf6 2. c4 e6 3. Nc3 Bb4 4. e3 b6 5. Bd3 Bb7 6. f3 c5 7. a3 Ba5 8. Nge2 0-0 9. 0-0 Bxc3 10. bxc3 d5 11. cxd5 exd5 12. Ra2 h5 13. Qe1 Ba6 14. Bxa6 Nxa6 15. Qh4 Nc7 16. e4 cxd4 17. cxd4 dxe4 18. fxe4 Ne6 19. d5 Nc5 20. Nc3 Nfxe4 21. Qh3 Nxc3 22. Qxc3 Qxd5 23. Rd2 Qe6 24. Qf3 Qg4 25. Qd5 Rae8 26. Rdf2 Rd8 27. Qa2 Qe6 28. Qc2 Qe4 29. Qa2 Qd5 30. Qc2 Qd3 31. Qa2 Qd5 32. Qc2 Ne4 33. Rf5 Qd4+ 34. Kh1 Qd3 35. Qa2 Nc3 36. Qf2 f6 37. Rf3 Qe2 38. Qg3 Rd1 39. Kg1 Rfd8 40. Qc7 Ne4 41. Qc6 Nc5 42. R3f2 Rxf1+ 43. Rxf1 Kh7 44. Bf4 Rd1 45. Rxd1 Qxd1+ 46. Kf2 Qd2+ 47. Kf3 Qd3+ 48. Be3 Qd1+ 49. Kg3 Qg4+ 50. Kf2 Nd3+ 0-1

[Event "Oberliga Nord N 0708"]
[Site "Germany"]
[Date "2008.04.06"]
[Round "8.1"]
[White "Hermesmann, Hans"]
[Black "Pajeken, Wolfgang"]
[Result "1/2-1/2"]
[WhiteElo "2322"]
[BlackElo "2351"]
[PlyCount "96"]
[EventDate "2007.10.21"]
[EventType "team-tourn"]
[EventRounds "9"]
[EventCountry "GER"]
[SourceTitle "EXT 2009"]
[Source "ChessBase"]
[SourceDate "2008.11.26"]
[SourceVersion "1"]
[SourceVersionDate "2008.11.26"]
[SourceQuality "1"]
[WhiteTeam "Pinneberg"]
[BlackTeam "Hamburger SK II"]
[WhiteTeamCountry "GER"]
[BlackTeamCountry "GER"]

1. d4 d6 2. e4 Nf6 3. f3 g6 4. c4 Bg7 5. Be3 0-0 6. Nc3 Nbd7 7. Nh3 a6 8. Nf2 c5 9. d5 b5 10. cxb5 axb5 11. Bxb5 Qa5 12. a4 Ba6 13. Bd2 Rfb8 14. 0-0 Ne5 15. b3 Ne8 16. Rc1 Qd8 17. Bxa6 Rxa6 18. Nb5 Rb7 19. f4 Nd7 20. Bc3 Nc7 21. Bxg7 Kxg7 22. Nxc7 Qxc7 23. Rc3 Rb4 24. Qc2 Qb8 25. Re1 Rab6 26. Ree3 Nf6 27. h3 c4 28. Rxc4 Rxb3 29. Rxb3 Rxb3 30. Qd2 Rb1+ 31. Kh2 Nd7 32. Qd4+ f6 33. Nd3 Rd1 34. Rc1 Qb3 35. Rxd1 Qxd1 36. Qc4 Nb6 37. Nf2 Qd2 38. Qc7 Qxf2 39. Qxe7+ Kg8 40. Qxd6 Nxa4 41. Qd8+ Kf7 42. Qd7+ Kf8 43. Qd6+ Kf7 44. Qe6+ Kg7 45. Qe7+ Kg8 46. Qxf6 Nc5 47. d6 Nd7 48. Qe6+ Kf8 1/2-1/2

[Event "Oberliga Nord N 0708"]
[Site "Germany"]
[Date "2007.12.09"]
[Round "4.1"]
[White "Hochgraefe, Markus"]
[Black "Hermesmann, Hans"]
[Result "1/2-1/2"]
[WhiteElo "2368"]
[BlackElo "2322"]
[PlyCount "76"]
[EventDate "2007.10.21"]
[EventType "team-tourn"]
[EventRounds "9"]
[EventCountry "GER"]
[SourceTitle "EXT 2009"]
[Source "ChessBase"]
[SourceDate "2008.11.26"]
[SourceVersion "1"]
[SourceVersionDate "2008.11.26"]
[SourceQuality "1"]
[WhiteTeam "Hamburg Diogenes"]
[BlackTeam "Pinneberg"]
[WhiteTeamCountry "GER"]
[BlackTeamCountry "GER"]

1. Nf3 f5 2. d4 Nf6 3. Bg5 e6 4. Nbd2 d5 5. e3 Be7 6. c4 0-0 7. Bd3 c6 8. 0-0 b6 9. Qe2 a5 10. Ne5 c5 11. cxd5 exd5 12. Rfc1 Ra7 13. b3 Bd6 14. Qf3 Be7 15. Nf1 Ne4 16. Bxe7 Qxe7 17. Qe2 Qd6 18. f3 Ng5 19. Qb2 f4 20. dxc5 bxc5 21. exf4 Rxf4 22. Re1 Re7 23. Qd2 Ne6 24. Rad1 Rd4 25. Qc2 Ng5 26. Bxh7+ Nxh7 27. Rxd4 Rxe5 28. Rxe5 Qxe5 29. Qxc5 Be6 30. f4 Qf6 31. Ne3 Nd7 32. Qa7 Nhf8 33. h3 Ng6 34. Nxd5 Bxd5 35. Rxd5 Nxf4 36. Rxd7 Ne2+ 37. Kh1 Qf1+ 38. Kh2 Qf4+ 1/2-1/2